| 000 | 00674nam a2200217 u 4500 | ||
|---|---|---|---|
| 005 | 20240228063927.0 | ||
| 008 | 080513s2000 es r 000 0 spa d | ||
| 020 | _a8495150689 | ||
| 035 | _aUPN01000155858 | ||
| 049 | _aI | ||
| 050 | 4 |
_aPZ71 _bA8.2 |
|
| 100 | 1 |
_aAshbé, Jeanne, _d1955- _931689 |
|
| 245 | 1 | 1 |
_a¡Adiós! / _cJeanne Ashbé ; tr. Anna Coll-Vinent. |
| 260 |
_aBarcelona, Esp. : _bCorimbo, _c2000. |
||
| 300 |
_a[25] p. : _bprincipalmente il. col. |
||
| 534 |
_pTítulo original: _tAu revoir! |
||
| 650 | 4 |
_aLibros y lectura para niños _92290 |
|
| 650 | 4 |
_aRelaciones de familia _96077 |
|
| 650 | 0 |
_aCuentos infantiles franceses _98588 |
|
| 905 | _aInfantil | ||
| 999 |
_c127972 _d127972 |
||